Loading...
| MB | 2 | 2 | 2 | 2 | 40 | 45 | 89.00 | 0 | 3 | 0.00 | 0.00 |
| TR | 1 | 1 | 1 | 1 | 20 | 37 | 83.50 | 1 | 1 | 0.00 | 0.00 |
| AWD | 1 | 0 | 0 | 0 | 15 | 61 | 61.00 | 0 | 1 | 0.00 | 0.00 |
| BB | 1 | 0 | 0 | 0 | 15 | 65 | 65.00 | 1 | 1 | 0.00 | 0.00 |
| DM | 1 | 0 | 0 | 0 | 15 | 18 | 18.00 | 1 | 1 | 0.00 | 0.00 |
| AG | 1 | 0 | 0 | 0 | 15 | 50 | 50.00 | 1 | 1 | 0.00 | 0.00 |
| AR | 1 | 0 | 0 | 0 | 15 | 60 | 60.00 | 1 | 1 | 0.00 | 0.00 |
| RC | 0 | 1 | 0 | 1 | 10 | 133 | 133.00 | 0 | 1 | 0.00 | 0.00 |
| RR | 0 | 1 | 0 | 0 | 10 | 75 | 75.00 | 1 | 1 | 0.00 | 0.00 |
| KD | 0 | 1 | 0 | 1 | 10 | 122 | 122.00 | 0 | 0 | 0.00 | 0.00 |
| DM | machine translation | 15 | 18 |
| TR | South Dakota | 15 | 37 |
| MB | Avicenna | 15 | 45 |
| AG | Rock Hudson | 15 | 50 |
| MB | Friedrich Wilhelm Nietzsche | 15 | 50 |
| TR | 1810s | -5 | 58 |
| AR | Blithe Spirit | 15 | 60 |
| AWD | land art | 15 | 61 |
| MB | nembutsu | -5 | 64 |
| BB | diamond anvil cells | 15 | 65 |